Речник на българский язик (Запис номер 193852)
[ съкратено ]
| 000 -Лидер | |
|---|---|
| Контролно поле с фиксирана дължина | nam a22 a 4500 |
| 003 - Код на организацията, давaща контролен номер | |
| Контролно поле | BLK |
| 005 - Дата и час на последна редакция | |
| Контролно поле | 20201013131515.0 |
| 008 - Елементи от данни с фиксирана дължина | |
| fixed length control field | 180411b bul|||||r ||||||| ||bul|| |
| 010 ## - Наследен системен номер | |
| LC control number | KNG00203074000 |
| 040 ## - Източник на каталожния запис | |
| Идентификатор на билиотеката - собственик на записа | BLK |
| 041 ## - Код за език | |
| Код за езика на текст/звукозапис или на отделно заглавие | Български |
| Код за езика КДБФ | Български |
| 072 #7 - Код за тематичната категория | |
| Код организация | bullib |
| Код за тематична категория | А |
| Текст | Фонд Михаил Арнаудов |
| 080 ## - УДК | |
| Текстов определител УДК | Български език |
| УДК код - определител по УДК | 811.163.2 |
| УДК определител | (038) |
| УДК - код + определител | 811.163.2(038) |
| 139 ## - Редно поле | |
| Редна дума | Геров, Найден |
| Авторски знак | Геро - Г 41 |
| 245 10 - Сведения за заглавието | |
| Заглавие | Речник на българский язик |
| Подзаглавни данни | С тълкувание речите на български и руски : Ч. 1 - 5 |
| Редно поле (дума) | събр. и наредил Найден Геров; наредил и изтълкувал Тодор Панчев. |
| Заглавие на том | Допълнение на Българския речник от Н. Геров |
| 257 ## - Страна на издаване | |
| Страна на създаване/издаване | България |
| 260 ## - Област на издателските данни | |
| Година на издаване | 1895 - |
| Печатница | Пловдив : друж. печ. Съгласие |
| -- | За том: Пловдив : Труд |
| Място на издаване, разпространение и проч. | Пловдив |
| 300 ## - Физическа характеристика | |
| Размери/Мащаб | 27 см |
| 380 ## - Жанр | |
| Жанр | Езикознание. Филология |
| 490 ## - СЕРИИ (Колекции) | |
| 9 (RLIN) | 396381 |
| Име на серия | Частна колекция - Академик Михаил Арнаудов |
| Бележки за серията | Дарение - Основен фонд |
| 490 ## - СЕРИИ (Колекции) | |
| 9 (RLIN) | 435080 |
| Име на серия | Колекция Редки и ценни издания |
| 500 ## - Общи забележки | |
| Забележка | Пълното име на авт. е Найден Геров Хаджиберович |
| 650 #4 - Допълнително описание по предмет – тема | |
| Основно описание – тема или топоним | Български език - речници |
| 9 (RLIN) | 243548 |
| 659 ## - Тематичен бюлетин | |
| Тематичен бюлетин | А |
| 700 1# - Други автори (авторска отговорност) | |
| Лично име | Геров, Найден |
| Автороска отговорност (Описва отношението между автора и произведението) | събр. и наредил |
| 9 (RLIN) | 373791 |
| 700 1# - Други автори (авторска отговорност) | |
| Лично име | Панчев, Тодор |
| Автороска отговорност (Описва отношението между автора и произведението) | наредил и изтълкувал |
| 9 (RLIN) | 385242 |
| 760 1# - Описание на основната серия | |
| Място на издаване, издател и година | Пловдив, 1908 |
| Страници - том | VІІІ, 336 с. |
| Забележка - том | Изд. на наследниците на Н. Геров. - Фонд Михаил Арнаудов - подпис на Михаил Арнаудов. - Твърда подв., неразрязана |
| Заглавие | Допълнение на Българския речник от Н. Геров |
| 852 ## - Местоположение | |
| Форматна сигнатура | Рб 1895 |
| Фондова буква | Редки и ценни |
| 852 ## - Местоположение | |
| Форматна сигнатура | МА 1524 |
| 856 4# - Електронен адрес и достъп | |
| Електронен формат | pdf - файл |
| 856 4# - Електронен адрес и достъп | |
| Електронен формат | pdf - файл |
| 999 ## - СИСТЕМНИ КОНТРОЛНИ НОМЕРА | |
| Koha biblionumber | 193852 |
| Koha biblioitemnumber | 193852 |
| 942 ## - АРТИКУЛИ | |
| Вид на библиотечния материал | Книги |
| Скрит в OPAC | Не |
| Периодичен библиозапис | Да |
| 944 ## - СЪЗДАВАНЕ И РЕДАКЦИЯ на ЗАПИСА | |
| Създаване/Редакция | Създаване |
| Дата на регистрацията/редакция | 15.03.2017 |
| Служител, извършил регистрацията/редакцията | Геновева_Генчева |
| 944 ## - СЪЗДАВАНЕ И РЕДАКЦИЯ на ЗАПИСА | |
| Създаване/Редакция | Редакция |
| Дата на регистрацията/редакция | 30.03.2017 |
| Служител, извършил регистрацията/редакцията | Пенка_Димитрова |
| 999 ## - СИСТЕМНИ КОНТРОЛНИ НОМЕРА | |
| Koha biblioitemnumber | 193852 |
| 999 ## - СИСТЕМНИ КОНТРОЛНИ НОМЕРА | |
| Koha biblioitemnumber | 193852 |
| Код за отписване | Код за изгубен артикул | Източник на класификационната схема | Код за повреда | Коз за рестрикции | Код за отдаване | Артикулен № | Име на библиотеката - собственик | Име на библиотеката, в която се намира в момента | Статус (Текущо местоположение) | Дата на вписване в системата | Местоположение - отдел | Цена в лева | Инвентарен номер | Систематично азбучна сигнатура | Баркод | Номер на екземпляра | Цена в евро | Служебна бележка | Служебен тип на артикула |
|---|---|---|---|---|---|---|---|---|---|---|---|---|---|---|---|---|---|---|---|
| Не е изгубен | Universal Decimal Classification | Не е повреден | само за читалня | Специални фондове ( старопечатни, редки и ценни, фонд М. Арнаудов) | 339338 | Регионална библиотека "Любен Каравелов" Русе | Регионална библиотека "Любен Каравелов" Русе | Редки и ценни | 1908-01-01 | Редки и ценни | 0.36 | 16279 | Рб 895 | 900000021168 | 1 | 0.18 | N: стар фонд Дата: 01.01.1908 | Книги | |
| Не е изгубен | Universal Decimal Classification | Не е повреден | само за читалня | Специални фондове ( старопечатни, редки и ценни, фонд М. Арнаудов) | 339339 | Регионална библиотека "Любен Каравелов" Русе | Регионална библиотека "Любен Каравелов" Русе | Фонд "Михаил Арнаудов" | 1973-01-01 | Фонд "Михаил Арнаудов" | 90.00 | 588811 | МА 1524 | 120000588811 | 2 | 46.02 | Дост: DA Вид: А N: стар фонд Дата: 01.01.1973 | Книги | |
| Не е изгубен | Universal Decimal Classification | Не е повреден | само за читалня | Специални фондове ( старопечатни, редки и ценни, фонд М. Арнаудов) | 339340 | Регионална библиотека "Любен Каравелов" Русе | Регионална библиотека "Любен Каравелов" Русе | Редки и ценни | 2017-03-31 | Редки и ценни | 40.00 | 120000809651 | Рб 1895 | 120000809651 | 3 | 20.45 | Дост: DA Вид: А N: 16 Дата: 31.03.2017 | Книги |